A master list of nonstellar optical astronomical objects (Record no. 7177)
[ view plain ]
| 000 -LEADER | |
|---|---|
| fixed length control field | 00579nam a2200193Ia 4500 |
| 003 - CONTROL NUMBER IDENTIFIER | |
| control field | IN-BaIIA |
| 008 - FIXED-LENGTH DATA ELEMENTS--GENERAL INFORMATION | |
| fixed length control field | 211028s9999 xx 000 0 eng d |
| 020 ## - INTERNATIONAL STANDARD BOOK NUMBER | |
| International Standard Book Number | 0-8142-0250-0 |
| 040 ## - CATALOGING SOURCE | |
| Transcribing agency | IIA Library |
| 080 ## - UNIVERSAL DECIMAL CLASSIFICATION NUMBER | |
| Universal Decimal Classification number | 083.8:524.4 |
| Item number | DIX |
| 100 ## - MAIN ENTRY--PERSONAL NAME | |
| Personal name | Dixon, R. S. |
| 9 (RLIN) | 12309 |
| 245 #2 - TITLE STATEMENT | |
| Title | A master list of nonstellar optical astronomical objects |
| Statement of responsibility, etc. | R. S. Dixon And G. Sonneborn |
| 260 ## - PUBLICATION, DISTRIBUTION, ETC. | |
| Place of publication, distribution, etc. | Ohio |
| Name of publisher, distributor, etc. | Ohio State University |
| Date of publication, distribution, etc. | 1980 |
| 300 ## - PHYSICAL DESCRIPTION | |
| Extent | 835p. |
| 650 ## - SUBJECT ADDED ENTRY--TOPICAL TERM | |
| Topical term or geographic name entry element | Astronomy and Astrophysics Thesaurus |
| 650 ## - SUBJECT ADDED ENTRY--TOPICAL TERM | |
| Topical term or geographic name entry element | Optical astronomy |
| 9 (RLIN) | 4227 |
| 700 ## - ADDED ENTRY--PERSONAL NAME | |
| Personal name | Sonneborn, G. |
| 9 (RLIN) | 12310 |
| 942 ## - ADDED ENTRY ELEMENTS (KOHA) | |
| Koha item type | Books |
| 952 ## - LOCATION AND ITEM INFORMATION (KOHA) | |
| -- | 26.45 |
| Withdrawn status | Lost status | Damaged status | Not for loan | Home library | Current library | Shelving location | Date acquired | Total Checkouts | Full call number | Barcode | Date last seen | Price effective from | Koha item type |
|---|---|---|---|---|---|---|---|---|---|---|---|---|---|
| IIA Library-Bangalore | IIA Library-Bangalore | General Stacks | 29/09/1982 | 083.8:524.4/ DIX | 7972 | 05/11/2021 | 29/09/1982 | Books |